| 000 | 00730cab a22002055a 4500 | ||
|---|---|---|---|
| 001 | L143424 | ||
| 008 | 080507e20080502xxkd f 000 0 eng d | ||
| 035 | _a(Sirsi) u143424 | ||
| 041 | 0 | _aeng | |
| 100 | 1 | _aAckernley, Guy | |
| 245 | 0 | 4 |
_aThe Leeds prayer _bmarket watch 2008 part 2 |
| 260 | _c2008 | ||
| 490 | 0 |
_aProperty Week _v73(18) 2 May 2008, 52-53(2) |
|
| 520 | _aDiscusses the city's much maligned flats market. Suggests that the credit crunch will filter out all but the best-situated schemes in Leeds. Explains how the city's land values are changing. | ||
| 590 | _aKA | ||
| 651 | 4 |
_aYorkshire _y1888- |
|
| 690 | _aPROPERTY-COMMERCIAL PROPERTY-COMMERCIAL PROPERTY MARKET | ||
| 700 | 1 | _aMorrison, Doug | |
| 942 | _n0 | ||
| 999 |
_c80167 _d80167 |
||